Normal view
MARC view
- Teoría crítica
Entry Materia
001 - NÚMERO DE CONTROL DEL REGISTRO
- campo de control: 1000
003 - IDENTIFICADOR DE NUMERO DE CONTROL
- campo de control: UPN
005 - FECHA Y HORA DE LA ÚLTIMA TRANSACCIÓN
- campo de control: 20230303142521.0
008 - DATOS DE LONGITUD FIJA
- campo de control de longitud fija: 230303n||acnnnbabn a ana |d
035 ## - NÚMERO DE CONTROL DEL SISTEMA
- Número de control del sistema: UPN10000001000
040 ## - FUENTE DE LA CATALOGACIÓN
- Centro catalogador de origen: MX-MxUPN
- Lengua de catalogación: spa
- Agencia de transcripción: MX-MxUPN
046 ## - FECHAS CON CODIFICACIÓN ESPECIAL
- Fecha final para contenidos agregados: 151122
053 #4 - NÚMERO CLASIFICADOR - BIBLIOTECA DEL CONGRESO (LC)
- Elemento numérico de la clasificación - Número único o no. inicial del rango: HM480
150 ## - ENCABEZAMIENTO - TEMÁTICO
- Término de materia o nombre geográfico como elemento inicial: Teoría crítica
450 ## - VÉASE - MATERIA
- Encabezamiento temático: Teoría crítica (Filosofía)
450 ## - VÉASE - MATERIA
- Encabezamiento temático: Teoría crítica (Sociología)
550 ## - VÉASE ADEMÁS - MATERIA
- Encabezamiento temático o nombre geográfico como elemento de entrada: Escuela de Sociología de Frankfurt
670 ## - FUENTE EN LA QUE SE LOCALIZARON DATOS
- Cita de la fuente: LC
- Información localizada: Critical theory
902 ## - CATALOGADOR
- Catalogador: CAA/080503
